Wszystkie państwa które wystąpiły na Eurowizji - Statystyki

Ogólne statystyki
  • Ten quiz został rozwiązany 113 razy
  • Średni wynik to 45 z 52
Statystyki odpowiedzi
Debiut Państwo % Poprawnych
1960 Norwegia
97%
1994 Polska
97%
1994 Rosja
97%
1958 Szwecja
96%
1957 Austria
94%
2007 Czechy
94%
1956 Niemcy
94%
1956 Włochy
94%
1994 Estonia
93%
1956 Holandia
93%
1965 Irlandia
93%
1956 Luksemburg
93%
1994 Słowacja
93%
1956 Belgia
92%
1961 Hiszpania
92%
1986 Islandia
92%
1957 Wielka Brytania
92%
2015 Australia
90%
1956 Szwajcaria
90%
2003 Ukraina
90%
1956 Francja
89%
2007 Serbia
89%
1957 Dania
88%
1973 Izrael
88%
1994 Litwa
88%
2000 Łotwa
88%
1961 Finlandia
86%
1964 Portugalia
86%
1993 Słowenia
86%
1975 Turcja
86%
2005 Mołdawia
85%
1994 Rumunia
85%
2008 Azerbejdżan
83%
2007 Czarnogóra
83%
2008 San Marino
83%
2005 Bułgaria
82%
1974 Grecja
82%
1961 Jugosławia
82%
1998 Macedonia Północna
82%
1994 Węgry
82%
2004 Albania
81%
2004 Białoruś
81%
1993 Bośnia i Hercegowina
79%
1993 Chorwacja
79%
1959 Monako
79%
2004 Andora
78%
2007 Gruzja
76%
1971 Malta
76%
2006 Armenia
75%
1981 Cypr
71%
1980 Maroko
68%
2004 Serbia i Czarnogóra
39%
Nie znaleziono quizów pasujących do podanych kryteriów
Rozkład punktacji
Procent ludzi z każdym wynikiem
Percentyl według liczby udzielonych odpowiedzi
Twoja historia wyników
Nie rozwiązałeś tego quizu